Baby Name Graphs: Girls Quiz Stats

 Plays Quiz Updated Jun 25, 2014

Support Sporcle.
Go Orange.
Score 0/40 Timer 15:00
0 Plays Today
% Correct
???
94.4%
???
90.6%
???
87.6%
???
86%
???
84.9%
???
84.1%
???
83.2%
???
82.5%
???
82%
???
81.5%
???
81.1%
???
80.7%
???
80.3%
???
80%
???
79.6%
???
79.3%
???
79.1%
???
78.9%
???
78.8%
???
78.6%
% Correct
???
69%
???
68.3%
???
67.7%
???
65.5%
???
65.3%
???
54.7%
???
54.4%
???
53.5%
???
52.1%
???
50.7%
???
46.9%
???
46.3%
???
43.7%
???
42.6%
???
36.8%
???
35.6%
???
33.7%
???
33.5%
???
30.9%
???
25.2%

You're not logged in!

Compare scores with friends on all Sporcle quizzes.
OR
Log In

From the Vault

2016 Emmy-Nominated Series

by mhershfield

So Sporclers, which shows deserve a win?
Remove Ads.
Support Sporcle.
Get the best of Sporcle when you Go Orange. This ad-free experience offers more features, more stats, and more fun while also helping to support Sporcle. Thank you for becoming a member.

Show Comments

Extras

Top Quizzes Today


Score Distribution

Your Account Isn't Verified!

In order to create a playlist on Sporcle, you need to verify the email address you used during registration. Go to your Sporcle Settings to finish the process.

Report this User

Report this user for behavior that violates our Community Guidelines.

Details: